000 00747nam a22002417a 4500
001 84917
003 UA-OsUOA
005 20231009150415.0
007 ta
008 20120612b un ||||| |||| 00| 0 ukr d
040 _aUA-OsUOA
_bukr
_cUA-OsUOA
_dUA-OsUOA
041 _aukr
080 _a82.09(477)
090 _a82.09(477)
_bК53
100 _aКниш І.
245 _aІван Франко та рівноправність жінки: у 100-річчя з дня народин
260 _aВінніпег
_c1956
300 _a155 с.
650 7 _a82 Література. Літературознавство
_2UDC
942 _cBK
_2udc
955 _a2
999 _c371189
_d371189